banner-ar

الكنى و الاسماء / (Record no. 6994)

MARC details
000 -الفاتح
حقل البيانات ثابتة الطول 00708nam a2200181Ia 4500
008 - عناصر البيانات ثابتة الطول - معلومات عامة
حقل البيانات ثابتة الطول 140319s9999 xx 000 0 ara d
040 ## - مصدر الفهرسة
وكالة الفهرسة الأصلية GCL /
وكالة النسخ GCL
082 04 - رقم تصنيف ديوى العشرى
رقم التصنيف 234.8
رقم المادة م ك
100 1# - المدخل الرئيسى - إسم شخصى
الإسم الشخصى مسلم, ابى الحسين بن الحجاج
245 10 - بيان العنوان
العنوان الكنى و الاسماء /
بيان المسئوليه,etc مسلم, ابى الحسين بن الحجاج
250 ## - بيان الطبعة
بيان الطبعة الاولى
300 ## - الوصف المادى
التعداد 661 ص ؛
أبعاد الوعاء 25 سم
650 04 - المدخل الاضافى بالموضوع-مصطلح موضوعى
مصطلح موضوعي الاسماء والكنى والالقاب فى القران
650 04 - المدخل الاضافى بالموضوع-مصطلح موضوعى
مصطلح موضوعي الاسماء و الكنى و الالقاب و الانساب فى الحديث
942 ## - عناصر المدخل الإضافي( كوها)
مصدر التصنيف او مخطط الترفيف Dewey Decimal Classification
Koha [default] item type كتاب
260 ## - PUBLICATION, DISTRIBUTION, ETC. (IMPRINT)
-- الرياض :
-- المجلس العلمى احياء التراث الاسلامى
Holdings
حالة التراجع حالة الفقد حالة تلف ليس للاعارة المكان المؤقت الموقع الحالى تاريخ الاكتساب اجمالي اﻻعارات رقم الطلب الباركود تاريخ اخر مشاهدة تاريخ تفعيل السعر نوع وعاء كوها مصدر التصنيف او خطة الترفيف
        مكتبة القاهرة الكبرى مكتبة القاهرة الكبرى 03/26/2014   234.8\ م ك 14607 03/26/2014 03/26/2014 كتاب  
        مكتبة القاهرة الكبرى مكتبة القاهرة الكبرى 07/13/2019   234.8\م ك 166141 07/13/2019 07/13/2019 كتاب ddc

Powered By

EGPV